Complète le titre de la chanson 2 - Statistiques

Statistiques générales
  • Ce quiz a été pris 139 fois
  • Le résultat moyen est 28 sur 40
Statistiques - réponses
Hint Extra Hint Réponse % Correct
Bohemian Queen Rhapsody
100%
Hotel The Eagles California
93%
I will always love Whitney Houston You
93%
I believe I can R. Kelly Fly
91%
La isla Madonna Bonita
90%
Highway to AC/DC Hell
90%
I gotta Black Eyed Peas Feeling
87%
Clint Gorillaz Eastwood
86%
Gangsta's Coolio Paradise
85%
The real slim Eminem Shady
84%
Hit the road Ray Charles Jack
82%
Purple Prince Rain
82%
Another brick in the Pink Floyd Wall
82%
Smells like teen Nirvana Spirit
81%
Yellow The Beatles Submarine
80%
Listen to your Roxette Heart
76%
Losing my R.E.M. Religion
72%
Genie in a Christina Aguilera Bottle
71%
Sympathy for the The Rolling Stones Devil
71%
Man! I feel like a Shania Twain Woman
69%
What is Haddaway Love
66%
Under the Red Hot Chili Peppers Bridge
64%
Locked out of Bruno Mars Heaven
64%
Running up that Kaye Bush Hill
63%
Bring me to Evanescence Life
63%
Life on David Bowie Mars
63%
Walking on the The Police Moon
63%
7 Youssou N'Dour & Neneh Cherry Seconds
62%
Breakfast in Supertramp America
60%
Wind of Scorpions Change
60%
Redemption Bob Marley Song
57%
Smoke on the Deep Purple Water
57%
Where the streets have no U2 Name
54%
Enjoy the Depeche Mode Silence
54%
Rivers of Boney M Babylon
51%
You know I'm no Amy Winehouse Good
51%
Don't look back in Oasis Anger
47%
It's oh so Björk Quiet
46%
Princess of Coldplay feat. Rihanna China
38%
Stranger in Michael Jackson Moscow
25%
Aucun quiz correspondant
Distribution des résultats
% des personnes avec chaque résultat
Percentile par nombre de réponses
Votre historique - résultats
Vous n’avez pas pris ce quiz